| 000 | 00875nam0a22002291i 4500 | ||
|---|---|---|---|
| 001 | rc\4756087 | ||
| 005 | 20240726020645.0 | ||
| 021 |
_aRU _b[60-72001] |
||
| 035 | _a(NLR Aleph) 008995030 | ||
| 090 |
_a9270953 _c9270953 |
||
| 100 | _a20130417d1960 |||y0rusy50 ca | ||
| 101 | 0 | _arus | |
| 102 | _aRU | ||
| 105 | _ay d ||||| | ||
| 200 | 1 |
_aБюджет социалистического государства _e(На примере СССР и КНР) _eАвтореферат дис. на соискание учен. степени кандидата экон. наук _fМ-во высш. и сред. спец. образования РСФСР. Моск. фин. ин-т |
|
| 210 |
_aМосква _d1960 |
||
| 215 |
_a20 с. _d21 |
||
| 700 | 0 | _aЛу Нань-цюань | |
| 801 | 0 |
_aRU _bNLR _gpsbo |
|
| 801 | 1 |
_aRU _bELAR _2rusmarc |
|
| 852 |
_aNLR _j60-6/8458 |
||
| 942 | _cBOOK | ||